NHL, NBA, NFL and MLB teams named for states - Statistics

General Stats
  • This quiz has been taken 1,370 times
    1,353 since last reset
  • The average score is 10 of 19
Answer Stats
Hint Answer % Correct
NHL Florida Panthers
77%
NFL Carolina Panthers
76%
MLB Texas Rangers
71%
NFL Arizona Cardinals
62%
NFL Minnesota Vikings
62%
NBA Minnesota Timberwolves
58%
NFL Tennessee Titans
57%
NHL Minnesota Wild
56%
NHL Colorado Avalanche
53%
MLB Colorado Rockies
53%
NBA Utah Jazz
53%
MLB Minnesota Twins
52%
MLB Arizona Diamondbacks
51%
NHL Arizona Coyotes
47%
NBA Indiana Pacers
47%
NHL Carolina Hurricanes
45%
NHL New Jersey Devils
45%
NFL New England Patriots
41%
NBA Golden State Warriors
35%
No matching quizzes found
Score Distribution
Percent of People with Each Score
Percentile by Number Answered
Your Score History
You have not taken this quiz since the last reset